Pays de 100 millions d'habitants - Mort subite - Statistiques

Statistiques générales
  • Ce quiz a été pris 403 fois
  • Le résultat moyen est 8 sur 16
Answers on the Grid
Answers color-coded by a green-red scale on the quiz's grid according to % correct below.
Algérie
Argentine
Bangladesh
Brésil
Canada
Chine
Colombia
R.D. Congo
Egypte
Ethiopie
France
Allemagne
Inde
Indonésie
Iran
Irak
Italie
Japon
Kenya
Mexique
Maroc
Myanmar
Nigeria
Pakistan
Philippines
Pologne
Russie
Afrique du Sud
Espagne
Soudan
Tanzanie
Thaïlande
Turquie
Royaume-Uni
États-Unis
Viêt Nam
 
Statistiques - réponses
Réponse % Correct
Chine
77%
Brésil
76%
Inde
69%
Bangladesh
65%
États-Unis
63%
Indonésie
56%
R.D. Congo
52%
Pakistan
49%
Japon
48%
Egypte
47%
Russie
47%
Mexique
46%
Nigeria
43%
Philippines
41%
Ethiopie
39%
Viêt Nam
26%
Aucun quiz correspondant
Distribution des résultats
% des personnes avec chaque résultat
Percentile par nombre de réponses
Votre historique - résultats
Vous n’avez pas pris ce quiz